000 00570nam a2200181 i 4500
001 46275
003 ES-MaACL
005 20230906161344.0
007 t|
008 030328s1971 sp ||||1| spa d
245 0 0 _aComprender a Bultmann /
_cKarl Barth ... [et al.] ; traducción del francés por Eloy Requena.
260 _aMadrid :
_bStudium,
_c[1971]
300 _a159 p. ;
_c21 cm.
600 1 4 _aBultmann, Rudolf-
_xCrítica e interpretación.
_9140109
700 1 _aBarth, Karl.
_926105
700 1 _aRequena, Eloy.
_996289
852 _aES-MaACL
_jC-45156
_bR.79593
999 _c46275
_d46275